[Event "22ème Open de Saint-Affrique"]
[Site "Saint Affrique (12)"]
[Date "2014.07.21"]
[Round "3.9"]
[White "Oganisian, Roman"]
[Black "Penalver, Marion"]
[Result "0-1"]
[WhiteElo "2245"]
[BlackElo "1901"]
[PlyCount "56"]
[EventDate "2014.??.??"]
[Source "Sylvain Rivier"]
[SourceDate "2014.07.26"]

1. e4 c5 2. Nc3 a6 3. b3 b5 4. g3 Bb7 5. Bg2 Nf6 6. d3 e6 7. Nge2 d5 8. e5 Nfd7
9. f4 Qb6 10. O-O Nc6 11. g4 Be7 12. Ng3 O-O-O 13. Nce2 g6 14. Be3 h5 15. h3
hxg4 16. hxg4 g5 17. d4 gxf4 18. Rxf4 Bg5 19. c3 Rdg8 20. dxc5 Qc7 21. Qd2 Bxf4
22. Bxf4 Rxg4 23. b4 Ndxe5 24. a4 f6 25. axb5 axb5 26. Nd4 Nxd4 27. cxd4 Nf3+
28. Bxf3 Qxf4 0-1

[Event "22ème Open de Saint-Affrique"]
[Site "Saint Affrique (12)"]
[Date "2014.07.21"]
[Round "3.10"]
[White "Daurelle, Herve"]
[Black "Lazov, Stefan"]
[Result "1-0"]
[WhiteElo "2189"]
[BlackElo "1894"]
[PlyCount "55"]
[EventDate "2014.??.??"]
[Source "Sylvain Rivier"]
[SourceDate "2014.07.26"]

1. e4 c5 2. Nf3 d6 3. d4 cxd4 4. Nxd4 Nf6 5. Nc3 a6 6. Bg5 e6 7. f4 Be7 8. Qf3
Qc7 9. O-O-O Nbd7 10. g4 b5 11. Bxf6 Nxf6 12. g5 Nd7 13. f5 Nc5 14. f6 gxf6 15.
gxf6 Bf8 16. Rg1 h5 17. a3 Rb8 18. e5 d5 19. b4 Na4 20. Ncxb5 axb5 21. Bxb5+
Bd7 22. Nxe6 Bh6+ 23. Kb1 Qb7 24. Rxd5 Nb6 25. Bxd7+ Nxd7 26. Rgd1 Qc6 27. Rxd7
Qxe6 28. Re7+ 1-0

[Event "22ème Open de Saint-Affrique"]
[Site "Saint Affrique (12)"]
[Date "2014.07.21"]
[Round "3.11"]
[White "Lafitte, Luc"]
[Black "Sanchez, Nicolas"]
[Result "0-1"]
[WhiteElo "1867"]
[BlackElo "2178"]
[PlyCount "104"]
[EventDate "2014.??.??"]
[Source "Sylvain Rivier"]
[SourceDate "2014.07.26"]

1. e4 g6 2. d4 Bg7 3. Nf3 d6 4. Nc3 c6 5. Bd3 Nd7 6. O-O e5 7. Ne2 Ngf6 8. c3
O-O 9. Ng3 Qe7 10. h3 b6 11. Be3 Bb7 12. Qd2 Ne8 13. Rfe1 Nc7 14. Bh6 Ne6 15.
Bxg7 Kxg7 16. d5 cxd5 17. Rad1 Nf4 18. exd5 Qd8 19. Bc4 Rc8 20. Re4 Qf6 21. b4
a6 22. Nh2 h5 23. Ne2 Nxe2+ 24. Bxe2 Qf5 25. Rh4 Qf6 26. Re4 Qe7 27. c4 f5 28.
Re3 Qf6 29. f4 e4 30. Rg3 Kf7 31. Rg5 Rh8 32. g4 hxg4 33. hxg4 Rh4 34. gxf5
gxf5 35. Bh5+ Ke7 36. Qf2 Rh3 37. Qg2 Qc3 38. Rg7+ Kd8 39. Nf1 Rxh5 40. Qg6 Kc7
41. Rxd7+ Kxd7 42. Qxh5 Rg8+ 43. Kf2 Qf6 44. Ne3 Kc7 45. Rd2 Bc8 46. c5 Rh8 47.
cxd6+ Kb7 48. Qd1 Qh4+ 49. Ke2 Qh2+ 50. Ng2 Qxg2+ 51. Ke3 Rh3+ 52. Kd4 Qg7+ 0-1

[Event "22ème Open de Saint-Affrique"]
[Site "Saint Affrique (12)"]
[Date "2014.07.21"]
[Round "3.12"]
[White "Mania, Clement"]
[Black "Aubry, Fabien"]
[Result "1/2-1/2"]
[WhiteElo "2177"]
[BlackElo "1884"]
[PlyCount "74"]
[EventDate "2014.??.??"]
[Source "Sylvain Rivier"]
[SourceDate "2014.07.26"]

1. e4 Nf6 2. e5 Nd5 3. Nc3 Nxc3 4. bxc3 d5 5. f4 c5 6. Nf3 Nc6 7. Be2 Bf5 8.
Rb1 Qc7 9. Nh4 Bd7 10. O-O e6 11. c4 Be7 12. Nf3 d4 13. d3 f6 14. exf6 gxf6 15.
f5 e5 16. Ng5 O-O-O 17. Nf7 Bd6 18. h3 e4 19. dxe4 Ne5 20. Nxd8 Rxd8 21. Kh1
Bc6 22. Bd3 Rg8 23. Bf4 Kb8 24. Qh5 Qg7 25. Rg1 Ka8 26. Rbf1 Qe7 27. Kh2 a6 28.
Kh1 Ka7 29. Qh6 Ka8 30. Rb1 Ka7 31. Rbe1 Ka8 32. Rgf1 Ka7 33. Rg1 Bc7 34. Re2
Ka8 35. Qh4 Ka7 36. Qh6 Ka8 37. Qh4 Ka7 1/2-1/2

[Event "22ème Open de Saint-Affrique"]
[Site "Saint Affrique (12)"]
[Date "2014.07.21"]
[Round "3.13"]
[White "Baudry, Remi"]
[Black "Carre, Sylvain"]
[Result "1-0"]
[WhiteElo "1770"]
[BlackElo "2172"]
[PlyCount "119"]
[EventDate "2014.??.??"]
[Source "Sylvain Rivier"]
[SourceDate "2014.07.26"]

1. d4 d5 2. Bg5 g6 3. e3 Bg7 4. Bd3 Nf6 5. Nf3 c5 6. c3 cxd4 7. exd4 Nc6 8. h3
O-O 9. O-O Qc7 10. Qd2 Ne4 11. Bxe4 dxe4 12. Nh2 Rd8 13. Qe3 f6 14. Bf4 e5 15.
dxe5 fxe5 16. Bg5 Ne7 17. Qxe4 Rf8 18. Na3 Nf5 19. Rad1 Be6 20. Nc2 Qb6 21. Qb4
h6 22. Be7 Nxe7 23. Qxe7 Rae8 24. Qb4 Bxa2 25. Qxb6 axb6 26. Nb4 Bc4 27. Rfe1
Rd8 28. Ng4 Rxd1 29. Rxd1 Ra8 30. Ne3 Bb3 31. Rd6 Ra1+ 32. Kh2 Rb1 33. Rxg6 Kh7
34. Rxb6 e4 35. Rxb7 Kh8 36. Re7 Rxb2 37. Kg3 Bxc3 38. Rxe4 Bf7 39. Nd1 Rxb4
40. Nxc3 Rb2 41. Ne2 Ra2 42. Nf4 Kg8 43. f3 Rc2 44. Kh4 Bc4 45. Re8+ Kf7 46.
Rc8 Ke7 47. Nd5+ Kf7 48. Nb6 Rxg2 49. Rxc4 Re2 50. Nd5 Rd2 51. Nf4 Ra2 52. Rc7+
Kf8 53. Kh5 Rf2 54. Ng6+ Ke8 55. f4 Rf3 56. h4 Rf1 57. Kxh6 Rf2 58. Kg7 Rh2 59.
f5 Kd8 60. Ra7 1-0

[Event "22ème Open de Saint-Affrique"]
[Site "Saint Affrique (12)"]
[Date "2014.07.21"]
[Round "3.14"]
[White "Clement, Olivier"]
[Black "Zachary, Matheo"]
[Result "0-1"]
[WhiteElo "2051"]
[BlackElo "1701"]
[PlyCount "96"]
[EventDate "2014.??.??"]
[Source "Sylvain Rivier"]
[SourceDate "2014.07.26"]

1. e4 c5 2. Nf3 Nc6 3. d4 cxd4 4. Nxd4 e5 5. Nb5 d6 6. N1c3 a6 7. Na3 b5 8. Nd5
Nge7 9. c4 Nd4 10. Be3 Nxd5 11. cxd5 g6 12. Bxd4 exd4 13. Qxd4 Qa5+ 14. Qc3
Qxc3+ 15. bxc3 Bg7 16. Rc1 O-O 17. Bd3 f5 18. f3 fxe4 19. fxe4 Bd7 20. Nb1 a5
21. Rf1 Be5 22. g3 Rxf1+ 23. Bxf1 Rc8 24. Bd3 b4 25. c4 Bd4 26. Nd2 Rf8 27. Be2
Bc3 28. g4 Rf4 29. Kd1 Bxg4 30. Nb3 Rf1+ 31. Kc2 Bxe2 32. Rxf1 Bxf1 33. Nxa5
Be2 34. a3 Be1 35. Nb7 bxa3 36. Nxd6 Bd3+ 37. Kb3 Bb4 38. e5 Kf8 39. Nb7 a2 40.
Kxb4 a1=Q 41. Nc5 Qb2+ 42. Nb3 Bc2 43. d6 Qxb3+ 44. Kc5 Bd3 45. d7 Ke7 46.
d8=Q+ Kxd8 47. Kd6 Qxc4 48. e6 Qc7+ 0-1

[Event "22ème Open de Saint-Affrique"]
[Site "Saint Affrique (12)"]
[Date "2014.07.21"]
[Round "3.15"]
[White "Hirschmann, Georges"]
[Black "Cazottes, Guillaume"]
[Result "0-1"]
[WhiteElo "1801"]
[BlackElo "2014"]
[PlyCount "70"]
[EventDate "2014.??.??"]
[Source "Sylvain Rivier"]
[SourceDate "2014.07.26"]

1. d4 Nf6 2. c4 c5 3. d5 e6 4. Nc3 exd5 5. cxd5 d6 6. g3 g6 7. Bg2 Bg7 8. Nf3
O-O 9. O-O a6 10. a4 Re8 11. h3 h6 12. Nd2 Nbd7 13. Nc4 Nb6 14. Na3 Bd7 15. e4
Nh7 16. Bf4 Qc7 17. a5 Nc8 18. Nc4 Bb5 19. Qb3 Bxc4 20. Qxc4 b5 21. axb6 Nxb6
22. Qa2 Nd7 23. Qc4 g5 24. Be3 Qb7 25. Ra2 Ne5 26. Qe2 Reb8 27. Rfa1 a5 28. f4
Ng6 29. e5 gxf4 30. gxf4 Qb4 31. exd6 Nxf4 32. Bxf4 Qxf4 33. d7 Qd6 34. Rxa5
Rxa5 35. Rxa5 Qxd5 {suite illisible} 0-1

[Event "22ème Open de Saint-Affrique"]
[Site "Saint Affrique (12)"]
[Date "2014.07.21"]
[Round "3.16"]
[White "Noireaut, Hung"]
[Black "Del Valle, Julie"]
[Result "1-0"]
[WhiteElo "2007"]
[BlackElo "1530"]
[PlyCount "47"]
[EventDate "2014.??.??"]
[Source "Sylvain Rivier"]
[SourceDate "2014.07.26"]

1. e4 c5 2. Nc3 Nc6 3. g3 g6 4. Bg2 Bg7 5. d3 d6 6. Be3 e6 7. f4 Nge7 8. Nf3
O-O 9. O-O Rb8 10. Qd2 b5 11. e5 dxe5 12. fxe5 Nxe5 13. Bxc5 Nxf3+ 14. Bxf3 b4
15. Ne4 Bxb2 16. c3 Bxc3 17. Nxc3 bxc3 18. Qxc3 Qc7 19. Rac1 Re8 20. Qf6 e5 21.
Bd4 Qa5 22. Bc6 Nf5 23. Bxe8 Qxa2 24. Bxe5 1-0

[Event "22ème Open de Saint-Affrique"]
[Site "Saint Affrique (12)"]
[Date "2014.07.21"]
[Round "3.17"]
[White "Billiar-Bourgy, Vincent"]
[Black "Hernandez, Lara"]
[Result "1-0"]
[WhiteElo "1959"]
[BlackElo "1732"]
[PlyCount "55"]
[EventDate "2014.??.??"]
[Source "Sylvain Rivier"]
[SourceDate "2014.07.26"]

1. e4 d6 2. d4 Nf6 3. Nc3 g6 4. Bg5 Bg7 5. Qd2 h6 6. Bf4 Nh5 7. Be3 c6 8. f4
Nf6 9. Nf3 b5 10. Bd3 b4 11. Ne2 a5 12. h3 Ba6 13. O-O O-O 14. Ng3 Qc7 15. f5
g5 16. Rae1 c5 17. Bxa6 Nxa6 18. e5 Nd5 19. Bxg5 hxg5 20. Qxg5 f6 21. Qg6 Nf4
22. Qg4 dxe5 23. dxe5 fxe5 24. Nxe5 Nd5 25. Nh5 e6 26. f6 Nxf6 27. Nxf6+ Rxf6
28. Rxf6 1-0

[Event "22ème Open de Saint-Affrique"]
[Site "Saint Affrique (12)"]
[Date "2014.07.21"]
[Round "3.18"]
[White "De Muyser, Xavier"]
[Black "Herry, Serwan"]
[Result "1-0"]
[WhiteElo "1723"]
[BlackElo "1936"]
[PlyCount "143"]
[EventDate "2014.??.??"]
[Source "Sylvain Rivier"]
[SourceDate "2014.07.26"]

1. e4 e6 2. d3 d5 3. Nd2 c5 4. Ngf3 Nc6 5. g3 Nf6 6. Bg2 Be7 7. O-O b6 8. Re1
Bb7 9. c3 Qc7 10. e5 Nd7 11. d4 g5 12. Nf1 h6 13. a3 a5 14. b3 b5 15. Bb2 Nb6
16. Rc1 c4 17. b4 axb4 18. axb4 Ra2 19. Rc2 Kd7 20. Bc1 Rha8 21. Rxa2 Rxa2 22.
Bd2 Qd8 23. Qb1 Ra3 24. Ne3 Qg8 25. Rc1 Na4 26. Qc2 Rb3 27. Rb1 Rxb1+ 28. Qxb1
Qg7 29. Ne1 Nb6 30. Qd1 Na4 31. Qb1 Bxb4 32. cxb4 Nxd4 33. f4 gxf4 34. gxf4
Ne2+ 35. Kf2 Nxf4 36. Qa1 Qg6 37. Qd4 Nd3+ 38. Nxd3 Qxd3 39. Qxd3 cxd3 40. Nd1
h5 41. Kg3 Kc7 42. Bf3 Bc6 43. Bxh5 Be8 44. Nf2 Nb2 45. Bc3 Nc4 46. Nxd3 Ne3
47. Kf4 Nf5 48. Nc5 Kd8 49. Bg4 Ne7 50. Kg5 Nc6 51. Kf6 d4 52. Bd2 Ne7 53. h4
Nd5+ 54. Kg7 Nc3 55. Bg5+ Kc7 56. h5 Bc6 57. Kxf7 Be4 58. Nxe6+ Kc6 59. Nxd4+
Kd5 60. e6 Kxd4 61. e7 Bc6 62. Bf6+ Kc4 63. Bxc3 Kxc3 64. h6 Kd4 65. h7 Ke4 66.
h8=Q Kf4 67. Qd4+ Kg5 68. Qc5+ Bd5+ 69. Qxd5+ Kh4 70. e8=Q Kg3 71. Qf3+ Kh4 72.
Qe7# 1-0

[Event "22ème Open de Saint-Affrique"]
[Site "Saint Affrique (12)"]
[Date "2014.07.21"]
[Round "3.19"]
[White "Robic, Damien"]
[Black "Bouguerra, Tayeb"]
[Result "0-1"]
[WhiteElo "1663"]
[BlackElo "1906"]
[PlyCount "52"]
[EventDate "2014.??.??"]
[Source "Sylvain Rivier"]
[SourceDate "2014.07.26"]

1. e4 d6 2. d4 Nf6 3. Nc3 c6 4. Nf3 Qa5 5. Bd2 Qc7 6. h3 e5 7. dxe5 dxe5 8. Bc4
b5 9. Bd3 Bc5 10. O-O O-O 11. Bg5 Be7 12. a4 b4 13. Ne2 Na6 14. Nc1 Nc5 15. Qe2
Be6 16. Bxf6 Bxf6 17. Bc4 a5 18. Bxe6 Nxe6 19. Qc4 Rfd8 20. Nd3 Nd4 21. Nd2
Ne2+ 22. Kh1 Rd4 23. Qc5 Be7 24. Qxe5 Qxe5 25. Nxe5 Rxd2 26. Nxc6 Bf8 0-1

[Event "22ème Open de Saint-Affrique"]
[Site "Saint Affrique (12)"]
[Date "2014.07.21"]
[Round "3.20"]
[White "Jackson, Daniel"]
[Black "Grosse, Ludovic"]
[Result "1/2-1/2"]
[WhiteElo "1657"]
[BlackElo "1903"]
[PlyCount "97"]
[EventDate "2014.??.??"]
[Source "Sylvain Rivier"]
[SourceDate "2014.07.26"]

1. d4 c5 2. d5 Nf6 3. c4 d6 4. Nc3 e6 5. e4 exd5 6. exd5 Be7 7. Bd3 O-O 8. Nge2
Re8 9. O-O Na6 10. a3 Bd7 11. Rb1 Nc7 12. b4 cxb4 13. Rxb4 Rb8 14. Be3 Na6 15.
Rb1 Nc5 16. Bxc5 dxc5 17. Ng3 Qa5 18. Qc2 a6 19. a4 h6 20. f3 Bd6 21. Nge2 Qc7
22. h3 b5 23. axb5 axb5 24. cxb5 c4 25. Bf5 Qc5+ 26. Kh1 Bxf5 27. Qxf5 Re5 28.
Qc2 Nxd5 29. Ne4 Qc7 30. Rfc1 Nb6 31. Nd4 Ra8 32. Nc6 Ree8 33. Rd1 Be5 34. Nc5
Ra3 35. Re1 Qd6 36. Nb7 Qc7 37. Rbd1 Nd7 38. Nxe5 Rxe5 39. Rxe5 Qxe5 40. Rxd7
Qe1+ 41. Kh2 Qe5+ 42. g3 g6 43. Rd2 Rxf3 44. Rg2 Qd5 45. Na5 c3 46. Nc6 Qd6 47.
Qe2 Rd3 48. Qe1 Rd2 49. Qe8+ 1/2-1/2

[Event "22ème Open de Saint-Affrique"]
[Site "Saint Affrique (12)"]
[Date "2014.07.21"]
[Round "3.21"]
[White "Lalot, Hugues"]
[Black "Carno, Matthias"]
[Result "1-0"]
[WhiteElo "1573"]
[BlackElo "1897"]
[PlyCount "31"]
[EventDate "2014.??.??"]
[Source "Sylvain Rivier"]
[SourceDate "2014.07.26"]

1. d4 d5 2. c4 dxc4 3. e4 e6 4. Bxc4 Nc6 5. Nf3 Nf6 6. e5 Nd5 7. O-O Be7 8. Nc3
h6 9. Bd3 Bg5 10. Re1 Bd7 11. Nxd5 exd5 12. Qb3 Bxc1 13. Raxc1 Rb8 14. Qxd5 Be6
15. Qc5 Qe7 16. d5 1-0

[Event "22ème Open de Saint-Affrique"]
[Site "Saint Affrique (12)"]
[Date "2014.07.21"]
[Round "3.22"]
[White "Boulier, Rene"]
[Black "Benmesbah, Natacha"]
[Result "0-1"]
[WhiteElo "1651"]
[BlackElo "2224"]
[PlyCount "62"]
[EventDate "2014.??.??"]
[Source "Sylvain Rivier"]
[SourceDate "2014.07.26"]

1. e4 c5 2. Nc3 Nc6 3. f4 g6 4. Nf3 Bg7 5. Bb5 Nd4 6. O-O Nxb5 7. Nxb5 d6 8.
Nc3 Nf6 9. d3 Rb8 10. a4 a6 11. Bd2 b5 12. axb5 axb5 13. Ra7 Qb6 14. Qa1 b4 15.
Ne2 e6 16. Kh1 O-O 17. h3 c4 18. Qa5 b3 19. Qxb6 Rxb6 20. Be3 Rb8 21. e5 dxe5
22. Nxe5 bxc2 23. Nxc4 Bb7 24. Nb6 Nd5 25. Nxd5 Bxd5 26. b4 Rxb4 27. Bc5 Rb1
28. Kg1 Rc8 29. Be3 c1=Q 30. Rxc1 Rbxc1+ 31. Nxc1 Rxc1+ 0-1

[Event "22ème Open de Saint-Affrique"]
[Site "Saint Affrique (12)"]
[Date "2014.07.21"]
[Round "3.23"]
[White "Duff, Rufus"]
[Black "Libiszewski, Christian"]
[Result "1-0"]
[WhiteElo "2113"]
[BlackElo "1640"]
[PlyCount "55"]
[EventDate "2014.??.??"]
[Source "Sylvain Rivier"]
[SourceDate "2014.07.26"]

1. e4 e6 2. d4 d5 3. Nd2 Nf6 4. e5 Nfd7 5. Bd3 c5 6. c3 Nc6 7. Ngf3 Qb6 8. O-O
cxd4 9. cxd4 Nxd4 10. Nxd4 Qxd4 11. Nf3 Qb6 12. Re1 Nc5 13. Bb1 Bd7 14. Ng5 g6
15. Qf3 O-O-O 16. Nxf7 Be7 17. Nxh8 Rxh8 18. Qf7 Qd8 19. Bh6 Be8 20. Qf4 Qb6
21. b4 Nd7 22. a3 a5 23. Bg5 Bxg5 24. Qxg5 Rf8 25. Qd2 axb4 26. axb4 h6 27. Bd3
Kb8 28. Qa2 1-0

[Event "22ème Open de Saint-Affrique"]
[Site "Saint Affrique (12)"]
[Date "2014.07.21"]
[Round "3.24"]
[White "Dubertrand, Bernard"]
[Black "Julian, Stephane"]
[Result "1/2-1/2"]
[WhiteElo "1647"]
[BlackElo "2050"]
[PlyCount "81"]
[EventDate "2014.??.??"]
[Source "Sylvain Rivier"]
[SourceDate "2014.07.26"]

1. e4 c5 2. Nf3 d6 3. d4 cxd4 4. Nxd4 Nf6 5. Nc3 a6 6. Be2 e5 7. Nf5 Bxf5 8.
exf5 d5 9. Bg5 d4 10. Ne4 Be7 11. Nxf6+ Bxf6 12. Bxf6 Qxf6 13. Qd3 O-O 14. Bf3
Nc6 15. a3 Rac8 16. O-O Rc7 17. Be4 Ne7 18. Rac1 Kh8 19. Rfd1 g6 20. fxg6 fxg6
21. Qf3 Qxf3 22. Bxf3 Nf5 23. Rd3 Kg7 24. g3 Rfc8 25. c3 b6 26. Bd5 dxc3 27.
Rcxc3 Rxc3 28. bxc3 Rc7 29. f3 Kf6 30. Kf2 Ke7 31. Bg8 h6 32. g4 Nd6 33. a4 e4
34. Re3 Kf8 35. Bb3 exf3 36. Rxf3+ Kg7 37. Re3 Rxc3 38. Rxc3 Ne4+ 39. Ke3 Nxc3
40. Kd3 Nb1 41. Kc2 1/2-1/2

[Event "22ème Open de Saint-Affrique"]
[Site "Saint Affrique (12)"]
[Date "2014.07.21"]
[Round "3.25"]
[White "Raynal, Francois"]
[Black "Esclafit, Pierre"]
[Result "1-0"]
[WhiteElo "2008"]
[BlackElo "1629"]
[PlyCount "61"]
[EventDate "2014.??.??"]
[Source "Sylvain Rivier"]
[SourceDate "2014.07.26"]

1. e4 e6 2. d4 d5 3. exd5 exd5 4. c4 c6 5. Nc3 Bf5 6. Qb3 Qd7 7. Nf3 Nf6 8. Ne5
Qc7 9. cxd5 cxd5 10. Bb5+ Nc6 11. O-O Be6 12. Bf4 Bd6 13. Rac1 O-O 14. Bxc6
bxc6 15. Nb5 Qb8 16. Nxc6 Bxf4 17. Nxb8 Bxc1 18. Na6 Bf4 19. Qf3 Bd7 20. Nc3
Bg5 21. Nc7 Rab8 22. b3 Rbc8 23. N3xd5 Nxd5 24. Qxd5 Rxc7 25. Qxg5 Rc2 26. Qa5
Bc6 27. d5 Bd7 28. Qxa7 Bb5 29. Re1 Rfc8 30. h3 Rd2 31. Qb7 1-0

[Event "22ème Open de Saint-Affrique"]
[Site "Saint Affrique (12)"]
[Date "2014.07.21"]
[Round "3.26"]
[White "Del Valle, Clemence"]
[Black "Lopez, Andre"]
[Result "0-1"]
[WhiteElo "1627"]
[BlackElo "2003"]
[PlyCount "58"]
[EventDate "2014.??.??"]
[Source "Sylvain Rivier"]
[SourceDate "2014.07.26"]

1. e4 e5 2. Nf3 Nc6 3. Bb5 a6 4. Ba4 Nf6 5. O-O b5 6. Bb3 Be7 7. Re1 O-O 8. c3
d5 9. exd5 e4 10. Ng5 Bg4 11. Qc2 Na5 12. Nxe4 Nxb3 13. Qxb3 Nxd5 14. d4 Re8
15. Be3 Kh8 16. Nbd2 Be6 17. Qc2 Bf5 18. Qb3 Bg6 19. Rad1 f5 20. Nc5 f4 21. Ne6
Qd6 22. Bxf4 Nxf4 23. Nxf4 Qxf4 24. Nf3 Bd6 25. Ne5 Bxe5 26. dxe5 Rxe5 27. Rxe5
Qxe5 28. c4 Re8 29. h3 Bf7 0-1

[Event "22ème Open de Saint-Affrique"]
[Site "Saint Affrique (12)"]
[Date "2014.07.21"]
[Round "3.27"]
[White "Meyer, Eric"]
[Black "Arcusa, Michel"]
[Result "0-1"]
[WhiteElo "1622"]
[BlackElo "1865"]
[PlyCount "60"]
[EventDate "2014.??.??"]
[Source "Sylvain Rivier"]
[SourceDate "2014.07.26"]

1. d4 Nf6 2. c4 e6 3. Nc3 Bb4 4. Nf3 c5 5. e3 O-O 6. Bd3 d5 7. Bd2 Nc6 8. a3
cxd4 9. exd4 dxc4 10. Bxc4 Be7 11. O-O Nxd4 12. Bf4 Nxf3+ 13. Qxf3 a6 14. Rfe1
Qb6 15. b4 Bd7 16. Be2 Bc6 17. Qg3 Nd5 18. Be5 f6 19. Nxd5 Bxd5 20. Bf4 Rfc8
21. Bd3 a5 22. Qh4 g6 23. Qg3 Kf7 24. Qh4 h5 25. Bd2 axb4 26. axb4 Rxa1 27.
Rxa1 f5 28. Qf4 g5 29. Qe5 Bf6 30. Qg3 h4 {suite illisible} 0-1

[Event "22ème Open de Saint-Affrique"]
[Site "Saint Affrique (12)"]
[Date "2014.07.21"]
[Round "3.28"]
[White "Danielian, Kevin"]
[Black "Leblic, Pierre"]
[Result "1-0"]
[WhiteElo "1848"]
[BlackElo "1620"]
[PlyCount "49"]
[EventDate "2014.??.??"]
[Source "Sylvain Rivier"]
[SourceDate "2014.07.26"]

1. d4 Nf6 2. c4 g6 3. Nc3 d5 4. cxd5 Nxd5 5. e4 Nxc3 6. bxc3 Bg7 7. Bc4 c5 8.
Ne2 Nc6 9. Be3 O-O 10. Rc1 Na5 11. Bd3 cxd4 12. cxd4 b6 13. Qd2 Bb7 14. h4 Qd7
15. f3 Rfc8 16. h5 Rxc1+ 17. Qxc1 Rc8 18. Qd2 Nc4 19. Bxc4 Rxc4 20. hxg6 hxg6
21. Bh6 Qb5 22. Kf2 Qb4 23. Qf4 e5 24. Bxg7 exf4 25. Bf6 1-0

[Event "22ème Open de Saint-Affrique"]
[Site "Saint Affrique (12)"]
[Date "2014.07.21"]
[Round "3.29"]
[White "Soissong, Elzbieta"]
[Black "Baudewyn, Ludovic"]
[Result "1/2-1/2"]
[WhiteElo "1620"]
[BlackElo "1843"]
[PlyCount "110"]
[EventDate "2014.??.??"]
[Source "Sylvain Rivier"]
[SourceDate "2014.07.26"]

1. d4 e6 2. Nf3 Nf6 3. Nbd2 c5 4. e3 Nc6 5. c3 b6 6. Bd3 d5 7. O-O Bb7 8. Bb5
a6 9. Ba4 b5 10. Bc2 Qb6 11. Qe2 Be7 12. b3 Rc8 13. Bb2 cxd4 14. Nxd4 O-O 15.
Rac1 Rc7 16. N2f3 Nxd4 17. cxd4 Rfc8 18. Bb1 Ne4 19. Qd3 g6 20. Rxc7 Rxc7 21.
Rc1 b4 22. Rxc7 Qxc7 23. Qc2 Qb6 24. Ne5 Nf6 25. f3 a5 26. Nd3 Nd7 27. Kf2 Qd6
28. g3 Ba6 29. Ne5 Nxe5 30. dxe5 Qb6 31. Bd4 Qb5 32. Qd1 Kf8 33. f4 h5 34. h3
Ke8 35. Kf3 Kd7 36. e4 Bb7 37. Ke3 Ke8 38. Bd3 Qc6 39. Qc2 Qxc2 40. Bxc2 dxe4
41. Bxe4 Bxe4 42. Kxe4 Bd8 43. g4 hxg4 44. hxg4 Kd7 45. f5 gxf5+ 46. gxf5 exf5+
47. Kxf5 Kc7 48. Be3 Kd7 49. Bg5 Bxg5 50. Kxg5 Ke6 51. Kf4 f6 52. exf6 Kxf6 53.
Ke4 Ke6 54. Kd4 Kd6 55. Kc4 Kc6 1/2-1/2

[Event "22ème Open de Saint-Affrique"]
[Site "Saint Affrique (12)"]
[Date "2014.07.21"]
[Round "3.30"]
[White "Van Lerberghe, Luc"]
[Black "Pottier, Simeon"]
[Result "0-1"]
[WhiteElo "1830"]
[BlackElo "1619"]
[PlyCount "57"]
[EventDate "2014.??.??"]
[Source "Sylvain Rivier"]
[SourceDate "2014.07.26"]

1. e4 d6 2. d4 Nf6 3. Nc3 g6 4. f4 Bg7 5. Nf3 O-O 6. Bd3 Nc6 7. h3 Nb4 8. Be2
c5 9. d5 Nh5 10. O-O Ng3 11. Re1 Nxe2+ 12. Qxe2 Na6 13. Be3 Nc7 14. Rad1 Bd7
15. Qd2 b5 16. a3 a5 17. e5 b4 18. Ne4 Bc8 19. axb4 axb4 20. Nxc5 dxc5 21. Bxc5
Bb7 22. Bxe7 Qxe7 23. d6 Qd7 24. dxc7 Qxc7 25. Nd4 Qc5 26. Kh2 Rfd8 27. c3 bxc3
28. bxc3 Qd5 29. Qb2 0-1

[Event "22ème Open de Saint-Affrique"]
[Site "Saint Affrique (12)"]
[Date "2014.07.21"]
[Round "3.31"]
[White "Jackson, Edgar"]
[Black "Grimault, Nathan"]
[Result "1/2-1/2"]
[WhiteElo "1602"]
[BlackElo "1820"]
[PlyCount "121"]
[EventDate "2014.??.??"]
[Source "Sylvain Rivier"]
[SourceDate "2014.07.26"]

1. d4 Nf6 2. Bg5 Ne4 3. Bf4 d5 4. Nd2 Nxd2 5. Qxd2 e6 6. Nf3 Bd6 7. Bg5 f6 8.
Bh4 c5 9. e3 Qb6 10. c3 Nc6 11. Be2 a5 12. a4 Bd7 13. dxc5 Bxc5 14. Nd4 O-O 15.
Nb5 Na7 16. Nd4 e5 17. Nf3 Be6 18. O-O Nc6 19. Bb5 Ne7 20. Bg3 Rfd8 21. Qe1 Bg4
22. b4 Bd6 23. Rb1 Bxf3 24. gxf3 Rac8 25. Qd2 Kh8 26. Rfc1 Nf5 27. Qc2 Nxg3 28.
hxg3 axb4 29. Qf5 Be7 30. cxb4 Rxc1+ 31. Rxc1 g6 32. Qh3 Bxb4 33. Bd3 Kg7 34.
Rb1 Qd6 35. Qg4 d4 36. exd4 Qxd4 37. Rxb4 Qxg4 38. fxg4 Rxd3 39. Rxb7+ Kh6 40.
Rb4 Kg5 41. Kf1 Ra3 42. Ke2 Ra2+ 43. Ke3 f5 44. gxf5 gxf5 45. f3 Ra3+ 46. Kf2
f4 47. gxf4+ exf4 48. Ke2 h5 49. Rb5+ Kh4 50. a5 Ra2+ 51. Kd3 Kg3 52. Rxh5 Kxf3
53. Rc5 Kg3 54. Rg5+ Kf2 55. Rf5 f3 56. Kc4 Kg2 57. Rg5+ Kf1 58. Kb5 f2 59. a6
Rb2+ 60. Kc6 Ke2 61. Rf5 1/2-1/2

[Event "22ème Open de Saint-Affrique"]
[Site "Saint Affrique (12)"]
[Date "2014.07.21"]
[Round "3.32"]
[White "Denechaud, Bernard"]
[Black "Clair, Michael"]
[Result "0-1"]
[WhiteElo "1596"]
[BlackElo "1806"]
[PlyCount "100"]
[EventDate "2014.??.??"]
[Source "Sylvain Rivier"]
[SourceDate "2014.07.26"]

1. Nf3 d6 2. d4 f5 3. g3 Nf6 4. Bg2 g6 5. O-O Bg7 6. b3 O-O 7. Bb2 a5 8. c4 Bd7
9. Nc3 Qe8 10. a3 Na6 11. Nd2 Rb8 12. e3 e5 13. dxe5 dxe5 14. Nf3 e4 15. Nd4
Ng4 16. Nde2 Ne5 17. Rb1 Nd3 18. Ba1 Rd8 19. Qc2 Bc6 20. Rfd1 Qe7 21. Nd5 Bxd5
22. Bxg7 Kxg7 23. cxd5 Rxd5 24. Qc3+ Qe5 25. Nd4 Rd6 26. Qc2 Qc5 27. Qxc5 Ndxc5
28. b4 axb4 29. axb4 Ne6 30. Nxe6+ Rxe6 31. Bf1 Rb6 32. b5 Nc5 33. Rdc1 Ne6 34.
Bc4 Rf7 35. Rd1 Kf6 36. h4 Rd6 37. Rxd6 cxd6 38. Rd1 Rc7 39. Bf1 Ke5 40. Be2
Rc3 41. Kf1 Nc5 42. Rb1 Nb3 43. Ke1 Rc1+ 44. Rxc1 Nxc1 45. Bd1 Nd3+ 46. Ke2 Nc5
47. f3 Kd5 48. fxe4+ fxe4 49. Kd2 Kc4 50. Be2+ Kb4 0-1

[Event "22ème Open de Saint-Affrique"]
[Site "Saint Affrique (12)"]
[Date "2014.07.21"]
[Round "3.33"]
[White "Raynal, Adrien"]
[Black "Bouchet, Jean-Louis"]
[Result "1-0"]
[WhiteElo "1591"]
[BlackElo "1795"]
[PlyCount "59"]
[EventDate "2014.??.??"]
[Source "Sylvain Rivier"]
[SourceDate "2014.07.26"]

1. e4 e6 2. d4 d5 3. exd5 exd5 4. Bd3 Nf6 5. Bg5 Be7 6. Nf3 Bg4 7. Nbd2 O-O 8.
O-O Nbd7 9. c3 c5 10. Qc2 Bxf3 11. Nxf3 Rc8 12. Rfe1 Re8 13. dxc5 Ne4 14. Bxe4
dxe4 15. Rxe4 Nxc5 16. Rxe7 Rxe7 17. Bxe7 Qxe7 18. Re1 Qf6 19. Qe2 h6 20. Nd4
a6 21. Qg4 Rd8 22. Re3 Rb8 23. Rg3 Re8 24. h4 Re1+ 25. Kh2 Re4 26. Qc8+ Kh7 27.
Qf5+ Qxf5 28. Nxf5 g6 29. Nd6 Rxh4+ 30. Kg1 1-0

[Event "22ème Open de Saint-Affrique"]
[Site "Saint Affrique (12)"]
[Date "2014.07.21"]
[Round "3.34"]
[White "Riviere, Gerard"]
[Black "Soblechero, Hugo"]
[Result "1-0"]
[WhiteElo "1791"]
[BlackElo "1575"]
[PlyCount "67"]
[EventDate "2014.??.??"]
[Source "Sylvain Rivier"]
[SourceDate "2014.07.26"]

1. d4 Nf6 2. Nf3 d5 3. g3 Bf5 4. Bg2 e6 5. O-O Bd6 6. c4 c6 7. Qb3 Qb6 8. c5
Qxb3 9. axb3 Bc7 10. Nc3 Nbd7 11. b4 O-O 12. b5 e5 13. dxe5 Nxe5 14. Nxe5 Bxe5
15. bxc6 bxc6 16. Ra6 Bc8 17. Ra4 Re8 18. Bf4 Bxc3 19. bxc3 Rxe2 20. Bf3 Re8
21. Rfa1 a6 22. Rb4 Re6 23. Bd6 Ne8 24. Bg4 Rg6 25. Bxc8 Rxc8 26. Bb8 Nf6 27.
f3 Nd7 28. Bd6 Re6 29. Rxa6 Re3 30. Rb7 Nf6 31. Raa7 Ne8 32. Rxf7 h6 33. f4 Ra8
34. Rf8+ 1-0